[Event "Copenhagen Chess Challenge 2019"]
[Site "Ballerup"]
[Date "2019.05.19"]
[Round "8.4"]
[White "Kreken, Eivind Grunt"]
[Black "Unneland, Mathias"]
[Result "1-0"]
[WhiteElo "1634"]
[BlackElo "2009"]
[Annotator "NA RC"]
[PlyCount "91"]
[EventDate "2019.05.16"]
[EventCountry "DEN"]
[SourceTitle "playchess.com"]
[Source "ChessBase"]
[SourceQuality "1"]

1. e4 e6 2. d4 d5 3. exd5 exd5 4. Nf3 Bd6 5. Bd3 Ne7 6. O-O Nbc6 7. c3 Bg4 8. Re1 Qd7 9. b4 a6 {C01: French: Exchange Variation} (9... O-O 10. Nbd2 Ng6 11. Qc2 Rae8 12. Bb2 Kh8 13. h3 Bxh3 14. gxh3 Qxh3 15. Bf5 Qh5 16. Bxg6 Qg4+ 17. Kf1 {0-1 (49) Tari,A (2625)-Tomczak,J (2631) chess.com INT 2019}) 10. a4 Nd8 $146 ({Predecessor:} 10... O-O 11. Nbd2 Ng6 12. Qc2 Rfe8 13. Bb2 Nf4 14. Bxh7+ Kh8 15. Bd3 Nxg2 16. Rxe8+ Rxe8 17. Bf1 Bxf3 18. Nxf3 {0-1 (32) Abdulla,K (2241)-Mammadov,S (2091) Nakhchivan 2017}) 11. h3 Bh5 12. g4 Bg6 13. Ne5 Bxe5 14. dxe5 h5 15. Bxg6 Nxg6 16. f4 hxg4 17. e6 Nxe6 18. f5 gxh3 19. fxe6 fxe6 20. Qg4 Nf8 21. Bg5 Qc6 22. Ra2 Kd7 {[#]} 23. Bf6 $1 gxf6 24. Qg7+ Kd6 25. Qxh8 Qc4 26. Rf2 Qg4+ 27. Kh2 Nd7 28. Qxa8 Qh4 29. Ree2 Ne5 30. Qf8+ Kd7 31. Qg7+ Kc6 32. b5+ axb5 33. axb5+ Kxb5 34. c4+ Kb6 35. Rb2+ Ka6 36. Ra2+ Kb6 37. Rfb2+ Kc5 38. Qe7+ Kd4 39. Rd2+ Ke4 40. Nc3+ Ke3 41. Re2+ Kf4 42. Rf2+ Nf3+ 43. Kh1 Qg5 44. Qxc7+ e5 45. Nxd5+ Kg3 46. Rg2+ 1-0

[Event "Copenhagen Chess Challenge 2019"]
[Site "Ballerup"]
[Date "2019.05.19"]
[Round "8.5"]
[White "Hacker, Jonas"]
[Black "Ramsdal, Jens Albert"]
[Result "1-0"]
[WhiteElo "2386"]
[BlackElo "2245"]
[Annotator "TA"]
[PlyCount "100"]
[EventDate "2019.05.16"]
[EventCountry "DEN"]
[SourceTitle "playchess.com"]
[Source "ChessBase"]
[SourceQuality "1"]

{[%evp 34,100,34,38,40,28,34,28,64,70,72,60,72,22,18,-163,-155,-156,0,-342,9,9,9,9,9,7,0,4,18,-58,-56,-59,-60,-79,-67,-231,127,121,106,-309,-310,-337,-337,-326,-322,-562,-560,-542,-550,-504,-532,-517,-509,-497,-484,-1833,-1587,-1062,-1093,-4575,-5085,-2175,-1975,-29970,-29968,-29979,-29980,-29973,-29973]} 1. e4 c5 2. Nf3 Nc6 3. d4 cxd4 4. Nxd4 Nf6 5. Nc3 e5 6. Ndb5 d6 7. Bg5 a6 8. Na3 b5 9. Bxf6 gxf6 10. Nd5 f5 11. c3 Bg7 12. Bd3 Be6 13. Qh5 O-O 14. exf5 Bxd5 15. f6 e4 16. fxg7 Re8 17. Be2 Re5 18. Qh6 b4 {B33: Sicilian: Pelikan and Sveshnikov Variations} 19. Nc2 bxc3 20. bxc3 Qa5 {White has an edge.} 21. O-O (21. Qd2 Be6 22. O-O Rd5 23. Qe3 Rc5 24. Nb4 Nxb4 25. cxb4 Qxb4 26. Rab1 {0-1 (54) Wang,J (2419)-Le,Q (2714) Burlingame 2019}) 21... Be6 $146 ({Predecessor:} 21... Qxc3 22. Ne3 Nd4 23. Bg4 Be6 24. Rac1 Qb2 25. Kh1 Rb8 26. a4 {½-½ (43) Kuerten,D (2085)-Hoynck van Papendrecht,F (2154) ICCF email 2008}) 22. c4 Rg5 23. Qh4 Re8 24. Qxe4 $2 (24. Rae1 $1 $11) 24... Bd7 $36 {[%mdl 2048] White is under strong pressure.} 25. Qf3 Ne5 $2 ({Better is} 25... Qd2 $1 $17 {[%cal Rd2c2]} 26. Bd1 Ne5) 26. Qf6 $2 {[%mdl 8192]} (26. Qd5 $11 {and White stays safe.} Bc6 27. Qxa5 Rxg2+ 28. Kh1 Rxf2+ 29. Qd5 Bxd5+ 30. cxd5 Rxe2 31. Nd4) 26... Re6 $2 (26... Qd2 $1 $19 {Hoping for ...Rg6.} 27. Rad1 Rxg2+ $1 {[%mdl 512]} 28. Kxg2 Qxe2) 27. Qxg5 $11 Nf3+ $1 {[%mdl 64] Discovered Attack} 28. Bxf3 Qxg5 29. Ne3 Kxg7 30. Rfd1 Rh6 31. Rd5 (31. g3 $11) 31... Qf4 $15 32. h3 {Threatening Rad1.} Be6 33. Ra5 {[#]} Bxh3 $1 {[%mdl 512]} 34. gxh3 $2 (34. Rd1 $1 $15) 34... Rxh3 $2 ({Black should try} 34... Qxf3 $19 35. Rg5+ (35. Nf5+ $2 Kf8 $19) 35... Rg6 36. Rxg6+ hxg6) 35. Nf5+ $1 $16 ({Avoid the trap} 35. Rf5 $2 Qh2+ 36. Kf1 Rxf3 $1 $19 {[%mdl 512]}) 35... Kf6 {[#]} 36. Bg2 $2 {[%mdl 8192]} (36. Rd1 $1 $16 {[%cal Rd1d6] is forced if you want to stay better.} Rxf3 37. Rxd6+ {[%mdl 64] Double Attack} Kg5 38. Ne3+ f5 39. Rxf5+ Qxf5 40. Nxf5 Kxf5 41. Rxa6) 36... Rh5 $19 37. Rd1 Rxf5 38. Rxf5+ Kxf5 {[%mdl 4096] Endgame KQ-KRB} 39. c5 $2 (39. a3) 39... dxc5 40. Rd5+ Kf6 {...c4 is the strong threat.} 41. Rxc5 Qa4 42. Bd5 h5 43. Bb3 Qg4+ 44. Kh1 (44. Kf1 $142 h4 45. Rc4 Qh3+ 46. Kg1) 44... Qf3+ 45. Kg1 h4 46. Rc7 Qg4+ 47. Kf1 h3 {( -> ...h2)} 48. Rxf7+ Kg6 {Black mates.} 49. Rf8 Qg2+ 50. Ke2 Qe4+ {[%mdl 32768] Accuracy: White = 35%, Black = 52%. . Loss on time!?} 1-0

[Event "Copenhagen Chess Challenge 2019"]
[Site "Ballerup"]
[Date "2019.05.19"]
[Round "8.6"]
[White "Vasli, Aref"]
[Black "Kaasen, Tor Fredrik"]
[Result "0-1"]
[WhiteElo "2346"]
[BlackElo "2398"]
[Annotator "NA RC"]
[PlyCount "96"]
[EventDate "2019.05.16"]
[EventCountry "DEN"]
[SourceTitle "playchess.com"]
[Source "ChessBase"]
[SourceQuality "1"]

1. e4 c5 2. Nf3 d6 3. d4 cxd4 4. Nxd4 Nf6 5. Nc3 a6 6. h3 e6 7. g4 Be7 8. Bg2 Nfd7 {B81: Sicilian Scheveningen: Keres Attack} 9. O-O (9. Be3 Nc6 10. h4 O-O 11. g5 Nde5 12. Qe2 Nxd4 13. Bxd4 Nc6 14. Be3 Bd7 15. f4 {½-½ (30) Dominguez Perez,L (2739)-Grischuk,A (2766) Saint Louis 2018}) 9... Nc6 10. Nce2 O-O 11. c3 Qc7 12. f4 Re8 13. g5 e5 $146 ({Predecessor:} 13... Bf8 14. h4 Nc5 15. Ng3 e5 16. Nxc6 exf4 {1-0 (37) Istratescu,A (2655)-Berescu,A (2461) Abu Dhabi 2013}) 14. Nf5 Bf8 15. Ne3 exf4 16. Nd5 Qd8 17. Nexf4 Nce5 18. Be3 b5 19. b3 Bb7 20. Nh5 Rc8 21. Qd2 Ng6 22. Rae1 Re5 23. Ng3 Nc5 24. Bd4 Qxg5 25. Qf2 Bxd5 26. exd5 Rxe1 27. Qxe1 {[#]} Nd3 $1 28. Qe3 Qxe3+ 29. Bxe3 Rxc3 30. Bd4 Rc8 31. Be4 Nc5 32. Bf5 Rd8 33. b4 Nd7 34. Rc1 Nge5 35. Kf2 g6 36. Bb1 Bg7 37. Ne4 Nc4 38. Bxg7 Kxg7 39. a4 Nde5 40. axb5 axb5 41. Nc3 Na3 42. Ne4 h6 43. Ke3 Nec4+ 44. Kd4 Re8 45. Bd3 f5 46. Nc3 $19 (46. Nf2) 46... Nd2 47. Bc2 Nxc2+ 48. Rxc2 Nf3+ 0-1

[Event "Copenhagen Chess Challenge 2019"]
[Site "Ballerup"]
[Date "2019.05.19"]
[Round "8.7"]
[White "Strange, Mikkel"]
[Black "Antonsen, Mikkel"]
[Result "0-1"]
[WhiteElo "2368"]
[BlackElo "2423"]
[Annotator "TA"]
[PlyCount "74"]
[EventDate "2019.05.16"]
[EventCountry "DEN"]
[SourceTitle "playchess.com"]
[Source "ChessBase"]
[SourceQuality "1"]

{[%evp 16,86,7,7,0,0,0,0,0,0,0,0,16,21,16,22,4,0,0,-16,-19,-25,-19,-16,-6,-27,-28,-13,-19,-88,-88,-74,-70,-79,-85,-103,-87,-92,-97,-104,-56,-234,-234,-229,-203,-204,-120,-180,-168,-164,-154,-172,-172,-172,-171,-170,-164,-187,-190,-214,-177,-186,-195,-201,-192,-182,-174,-211,-173,-254,-254,-628,-618]} 1. e4 c5 2. c3 Nf6 3. e5 Nd5 4. d4 cxd4 5. cxd4 Nc6 6. Nf3 d6 7. Bc4 dxe5 8. Bxd5 Qxd5 9. Nc3 Qd6 {[%cal Re5d4] B22: Sicilian: 2 c3} 10. d5 Nd4 11. Nxd4 exd4 {The position is equal.} 12. Qxd4 {And now Nb5 would win.} e5 13. Qd3 Be7 14. Nb5 {[#]} Qd7 $146 ({Predecessor:} 14... Qb6 15. d6 Bd8 16. Be3 Qa5+ 17. Bd2 {½-½ (53) Kosteniuk,A (2557)-Muzychuk,A (2582) Huaian 2017}) 15. d6 {Nc7+ is the strong threat.} O-O 16. Be3 b6 $36 {[%mdl 2048] Black has the initiative.} 17. Rd1 Bd8 $1 18. O-O Bb7 19. Nc3 Rc8 20. f3 Re8 21. Rfe1 Re6 22. Ne4 (22. Re2 $11 {keeps the balance.}) 22... Bxe4 $17 23. Qxe4 Rxd6 24. Rxd6 Qxd6 25. Qa4 Qc6 $1 {[%cal Rc6a4]} 26. Qg4 {[#]} Rc7 $1 27. Rd1 Qe8 28. Bh6 $2 {[#]} (28. Qa4 $15 Qf8 29. Rd7) 28... f5 $1 $19 {[%cal Rf5g4][%mdl 512]} 29. Qg3 {[#]} (29. Qxf5 gxh6) 29... Rd7 $1 {[%cal Rd7d1]} 30. Re1 Qg6 (30... b5 $19 31. Bg5 Bb6+ 32. Kf1 e4) 31. Be3 (31. Qxg6 $17 hxg6 32. Be3) 31... Qxg3 32. hxg3 {[%mdl 4096] Endgame KRB-KRB} Kf7 33. Kf2 h5 34. Ke2 Rc7 35. Kd3 Bf6 36. Rh1 g6 37. a4 {[#]} Ke6 {Played: e5-e4} 0-1

[Event "Copenhagen Chess Challenge 2019"]
[Site "Ballerup"]
[Date "2019.05.19"]
[Round "8.7"]
[White "Nielsen, Thomas"]
[Black "Haubro, Sigfred"]
[Result "1/2-1/2"]
[WhiteElo "1933"]
[BlackElo "2109"]
[Annotator "TA"]
[PlyCount "60"]
[EventDate "2019.05.16"]
[EventCountry "DEN"]
[SourceTitle "playchess.com"]
[Source "ChessBase"]
[SourceQuality "1"]

{[%evp 9,60,27,42,-7,39,-2,55,13,77,72,86,49,64,15,28,-29,-33,-48,-49,-111,-91,-99,-101,-114,-102,-105,-95,-214,-209,-205,-45,-52,-43,-35,82,79,68,63,85,12,0,0,0,-14,-14,-78,-67,-71,0,0,0,0,12]} 1. d4 f5 2. c4 Nf6 3. Nc3 e6 4. Nf3 Be7 5. Qc2 O-O 6. h3 {A85: Dutch Defence: 2 c4 Nf6 3 Nc3} d6 (6... b6 7. g4 Bb7 8. gxf5 Bxf3 9. exf3 Nc6 10. Be3 e5 11. dxe5 Nxe5 12. Be2 c6 13. O-O-O {1-0 (35) Gupta,A (2640)-Gleizerov,E (2566) Visakhapatnam 2011}) 7. Bf4 Nc6 (7... Ne4 $11) 8. e3 {White is slightly better.} Kh8 $146 (8... Ne4 $11 {remains equal.}) ({Predecessor:} 8... Qe8 9. a3 Bd8 10. O-O-O a6 11. Bh2 b5 12. cxb5 axb5 13. Bxb5 {½-½ (25) Alvarez,R (2527)-Krol,W (2268) Chessfriend.com 2003}) 9. a3 $16 a6 10. g4 Bd7 11. Bd3 b5 12. cxb5 (12. gxf5 $142 exf5 13. Rg1 (13. Bxf5 bxc4 14. Bg4 Qe8 $11) (13. cxb5 axb5 14. Bxb5 Nb4 $11)) 12... axb5 $11 13. Bxb5 Nb4 $1 {[%cal Rb4c2][%mdl 64] Pin} 14. Qb1 (14. Qe2 $15) 14... Bxb5 $17 15. Nxb5 {Strongly threatening g5.} Nbd5 16. Nc3 Nxc3 17. bxc3 Qd7 {aiming for ...Qc6.} 18. Qd3 {[#]} (18. g5 $17 Ne4 19. c4) 18... Qc6 $1 $19 {[%cal Rc6f3]} 19. Ke2 {[#]} Nd5 $2 ({Black should play} 19... Ne4 $1 $19 {[%cal Re4c3]} 20. c4 g5) 20. c4 $15 Nxf4+ 21. exf4 Qe4+ (21... Ra4 $15 {keeps the upper hand.} 22. Nd2 g5) 22. Qxe4 $16 fxe4 23. Ng5 Rf6 24. Nxe4 ({White should try} 24. a4 $16) 24... Rxf4 $11 25. f3 d5 26. cxd5 exd5 27. Ke3 (27. Nc3 $11 c6 28. Rhd1) 27... Raf8 $17 28. Nd2 c5 (28... Bg5 $17 {Hoping for ...Rxf3+.} 29. Kd3 Bf6) 29. dxc5 $11 Bxc5+ 30. Kd3 Ra4 {Accuracy: White = 22%, Black = 39%.} 1/2-1/2

[Event "Copenhagen Chess Challenge 2019"]
[Site "Ballerup"]
[Date "2019.05.19"]
[Round "8.8"]
[White "Sidali, Elias Hulleberg"]
[Black "Haubro, Martin"]
[Result "0-1"]
[WhiteElo "1953"]
[BlackElo "2380"]
[Annotator "NA RC"]
[PlyCount "42"]
[EventDate "2019.05.16"]
[EventCountry "DEN"]
[SourceTitle "playchess.com"]
[Source "ChessBase"]
[SourceQuality "1"]

1. e4 c5 2. Nf3 d6 3. d4 cxd4 4. Nxd4 Nf6 5. Nc3 a6 6. Bg5 e6 7. f4 h6 8. Bh4 Qb6 9. Qd2 {B96: Sicilian Najdorf: 6 Bg5 e6 7 f4, lines other than 7...Qb6 and 7...Be7} (9. a3 Be7 10. Bf2 Qc7 11. Qf3 Nbd7 12. O-O-O b5 13. g4 Bb7 14. h4 Nc5 15. Bd3 h5 16. g5 Ng4 17. Rhg1 {½-½ (25) Grischuk,A (2766)-Vachier Lagrave,M (2779) Saint Louis 2018}) 9... Qxb2 10. Rb1 Qa3 11. Bd3 Be7 $146 ({Predecessor:} 11... Qc5 12. Na4 Qxd4 13. Nb6 Nc6 14. Bxf6 gxf6 15. Nxa8 Qa7 16. Nb6 Bd7 {1-0 (28) Nakauchi,G (2238)-Parle,H (1920) Brisbane 2017}) 12. e5 dxe5 13. fxe5 Nfd7 14. Bxe7 Qxe7 15. Nf3 Nc6 16. Ne4 Ndxe5 17. O-O Nxd3 18. Qxd3 O-O 19. Nd6 Rd8 20. Rfd1 $19 e5 21. Rb6 e4 0-1

[Event "Copenhagen Chess Challenge 2019"]
[Site "Ballerup"]
[Date "2019.05.19"]
[Round "8.9"]
[White "French, Max"]
[Black "Hoi, Carsten"]
[Result "1-0"]
[WhiteElo "2178"]
[BlackElo "2341"]
[Annotator "TA"]
[PlyCount "71"]
[EventDate "2019.05.16"]
[EventCountry "DEN"]
[SourceTitle "playchess.com"]
[Source "ChessBase"]
[SourceQuality "1"]

{[%evp 14,71,29,22,59,69,100,88,99,97,94,74,80,29,29,25,57,53,56,28,35,36,35,36,41,0,0,3,43,43,50,6,51,39,50,27,52,28,70,62,75,93,110,95,113,89,132,119,102,95,243,246,246,253,240,228,303,295,262,262]} 1. d4 Nf6 2. c4 d6 3. Nc3 e5 4. d5 Nbd7 5. e4 Nc5 6. f3 a5 7. Be3 Be7 8. Qd2 Bd7 {A53: Old Indian Defence without Nf3} 9. O-O-O Qb8 $146 ({Predecessor:} 9... h6 10. g3 O-O 11. Bg2 b6 12. Nh3 Rb8 13. Nf2 Nh7 14. f4 f5 15. fxe5 dxe5 16. exf5 Bxf5 {1-0 (49) Postny,E (2563)-Doric,D (2300) Pardubice 2004}) 10. g4 a4 {White is better.} 11. h4 Qa7 12. Nh3 Qa5 13. Nb1 (13. Kb1 $16) 13... Qxd2+ $11 14. Rxd2 h5 15. g5 Nh7 16. Nf2 Nf8 17. Bxc5 dxc5 18. Nd3 Ng6 19. Bh3 Bxh3 20. Rxh3 Bd6 21. Nc3 {[%cal Bb1c3,Bc3d1,Bd1e3,Be3g2,Bg2f4][%mdl 32]} Kd7 22. Nd1 Rhb8 (22... b5 $5) 23. Ne3 Nf4 24. Rh1 g6 25. Ng2 b5 26. Ngxf4 {Threatens to win with Ng2.} bxc4 27. Rc2 a3 28. Rxc4 axb2+ 29. Kb1 {aiming for Ne2.} Ra3 {[#]} 30. Rd1 $1 {Hoping for Ne2.} exf4 31. e5 Rxd3 {[#]} (31... Bf8 $16) 32. e6+ $1 $18 {[%mdl 512]} fxe6 33. dxe6+ Kxe6 34. Rxd3 Kd7 35. Rxf4 Kc6 36. Re4 {Accuracy: White = 55%, Black = 41%.} 1-0

[Event "Copenhagen Chess Challenge 2019"]
[Site "Ballerup"]
[Date "2019.05.19"]
[Round "8.9"]
[White "Hald Falkesgaard, Jeppe"]
[Black "Sorensen, Per Settergren"]
[Result "1/2-1/2"]
[WhiteElo "1878"]
[BlackElo "2030"]
[Annotator "NA RC"]
[PlyCount "152"]
[EventDate "2019.05.16"]
[EventCountry "DEN"]
[SourceTitle "playchess.com"]
[Source "ChessBase"]
[SourceQuality "1"]

1. c4 e6 2. d4 Nf6 3. Nf3 d5 4. Nc3 Be7 5. Bg5 h6 6. Bh4 O-O 7. e3 b6 8. cxd5 Nxd5 9. Bxe7 Qxe7 10. Nxd5 exd5 11. Rc1 Be6 12. Be2 c5 13. b3 {D59: Queen's Gambit Declined: Tartakower Defence: Main line (8 cxd5 Nxd5)} Rc8 14. O-O a5 15. Ne5 Nd7 {[#]} 16. f4 $146 ({Predecessor:} 16. Nxd7 Qxd7 17. a4 Qd6 18. Bb5 cxd4 19. Qxd4 {½-½ (19) Najdorf,M (2515)-Ivkov,B (2525) Buenos Aires 1979}) 16... Nxe5 17. dxe5 f5 18. exf6 Qxf6 19. Bf3 Rd8 20. Qe2 Ra7 21. g3 Re7 22. Rfd1 Red7 23. Rd3 Bf5 24. Rd2 Qe7 25. Rcd1 Be4 26. Kf2 Rd6 27. Bxe4 Qxe4 28. Qf3 Qe6 29. Rd3 b5 30. Rc3 c4 31. Rd4 b4 32. Rc2 c3 33. Qe2 Qh3 34. Kg1 Qf5 35. Kf2 Re8 36. Qd3 Qxd3 37. Rxd3 Kf7 38. Kf3 Ke6 39. Rd4 h5 40. h3 Kd7 41. g4 hxg4+ 42. hxg4 Kc6 43. Rh2 Rde6 44. Rd3 Rh6 45. Re2 Kc5 46. Kg3 Ra6 47. Kf3 a4 48. Rd1 axb3 49. axb3 Ra3 50. Rb1 Rh8 51. Kg3 (51. f5 {was necessary.}) 51... Rha8 52. Kf3 Ra2 53. Ree1 Rh2 54. f5 Raa2 55. g5 $19 (55. Ra1 {was necessary.} Ra3 56. Rab1) 55... Raf2+ 56. Kg3 Rhg2+ 57. Kh3 Rxg5 58. e4 dxe4 59. Rxe4 Rgxf5 60. Ra1 Rd5 61. Ra5+ Kd6 62. Ra6+ Kd7 63. Rxb4 Ke7 64. Rc4 Rf3+ 65. Kg4 Rfd3 66. Rac6 R5d4+ 67. Kf5 Rxc4 68. Rxc4 Kd6 69. Ke4 Rh3 70. Kd4 c2 71. Rxc2 Rxb3 72. Rg2 Rb4+ 73. Ke3 Rb7 74. Kf4 Ke6 75. Kg5 Kf7 76. Rf2+ Kg8 1/2-1/2

[Event "Copenhagen Chess Challenge 2019"]
[Site "Ballerup"]
[Date "2019.05.19"]
[Round "8.10"]
[White "Jacobsen, Mikkel Manosri"]
[Black "Eriksson, Christian Altenburg"]
[Result "1-0"]
[WhiteElo "2319"]
[BlackElo "2146"]
[Annotator "TA"]
[PlyCount "87"]
[EventDate "2019.05.16"]
[EventCountry "DEN"]
[SourceTitle "playchess.com"]
[Source "ChessBase"]
[SourceQuality "1"]

{[%evp 9,87,-1,5,0,-4,-5,4,-12,10,14,8,9,16,31,25,10,20,0,0,0,45,33,46,46,64,64,66,65,86,90,124,110,127,123,117,114,112,119,162,154,193,193,214,183,225,172,257,268,372,368,398,398,391,389,386,386,483,388,688,681,741,722,703,666,802,791,754,691,734,752,997,735,6470,6487,6379,6311,6191,5747,5669,5465]} 1. d4 d5 2. c4 c6 3. Nf3 Nf6 4. e3 Bf5 5. Nbd2 e6 6. b3 {D12: Slav Defence: 3 Nf3 Nf6 4 e3 Bf5} Nbd7 (6... h6 7. Bb2 Nbd7 8. Be2 Be7 9. O-O O-O 10. a3 a5 11. Bc3 Ne4 12. Nxe4 Bxe4 13. Qd2 a4 14. b4 dxc4 15. Bxc4 Bxf3 16. gxf3 Bd6 17. f4 {0-1 (78) Zubov,A (2623)-Jumabayev,R (2603) Bastia 2017}) 7. Bb2 Ne4 8. Be2 {The position is equal.} Qa5 $146 ({Predecessor:} 8... Bd6 9. c5 Bc7 10. b4 g5 11. h3 f6 12. Nxe4 Bxe4 {½-½ (27) Wrede,S (1988)-Das Neves,D (1642) Foeckinghausen 2003}) 9. O-O Nxd2 10. Nxd2 Ba3 11. Bxa3 Qxa3 12. cxd5 cxd5 13. g4 Bg6 14. f4 {Threatens to win with f5.} f5 15. Bb5 Qd6 16. Nf3 $36 {[%mdl 2048] Hoping for Ne5. White has good play.} O-O 17. Bxd7 Qxd7 18. Ne5 Qe8 {[#]} 19. g5 $1 Bh5 20. Qd2 Qe7 21. Rfc1 Rfc8 22. Rc3 Rxc3 23. Qxc3 Qa3 {[#]} 24. Rc1 $1 Re8 25. Rc2 b6 26. Kf2 Qe7 27. h4 h6 (27... Bd1 {was necessary.}) 28. Qc7 $18 hxg5 29. hxg5 Kh7 30. Qxe7 Rxe7 {[%mdl 4096] Endgame KRB-KRN} 31. Ke1 Be8 32. Rc8 g6 33. Kd2 Kg7 $2 (33... b5 34. Ra8 b4) 34. a4 {White is clearly winning.} Kh7 35. Kc3 Kg7 36. Kb4 Kh7 37. Ka3 Kg7 38. b4 {[%cal Bb3b4,Bb4b5,Bb5c6,Bc6c7][%mdl 32]} Kh7 39. b5 Kg7 40. Kb4 Kh7 41. Nc6 Bxc6 42. bxc6 Kg7 43. c7 a6 {[#]} 44. Rg8+ $1 {[%mdl 576] Decoy, Clearance, Promotion. Accuracy: White = 89%, Black = 19%.} 1-0

[Event "Copenhagen Chess Challenge 2019"]
[Site "Ballerup"]
[Date "2019.05.19"]
[Round "8.11"]
[White "Nielsen, Viktor Haarmark"]
[Black "Fossan, Aleksander"]
[Result "1/2-1/2"]
[WhiteElo "2279"]
[BlackElo "2075"]
[Annotator "TA"]
[PlyCount "125"]
[EventDate "2019.05.16"]
[EventCountry "DEN"]
[SourceTitle "playchess.com"]
[Source "ChessBase"]
[SourceQuality "1"]

{[%evp 18,125,51,31,41,46,41,26,32,17,31,0,0,0,0,0,0,0,0,-10,0,-9,0,-7,0,0,0,0,8,0,9,9,9,9,9,0,30,23,66,35,34,36,37,40,64,8,47,35,37,37,37,38,39,40,51,34,70,0,0,-20,-22,-33,-14,-15,-11,-9,0,-6,0,-14,-2,0,0,-8,0,-8,-2,-8,-10,-16,-27,-12,0,0,0,0,0,0,0,0,0,0,0,0,0,0,0,-8,-8,-8,0,-8,-8,-8,0,-9,-1,-4,0,-8]} 1. e4 c5 2. Nf3 Nc6 3. d4 cxd4 4. Nxd4 g6 5. c4 Nf6 6. Nc3 Nxd4 7. Qxd4 d6 8. Be3 Bg7 9. Be2 O-O 10. Qd2 a5 {B36: Sicilian: Maroczy Bind: Gurgenidze System} 11. O-O a4 12. Rfd1 (12. Rab1 Qa5 13. Rfc1 Be6 14. h3 Rfc8 15. b3 axb3 16. axb3 Qb4 17. Qe1 Bd7 18. Bf3 {½-½ (55) Sasikiran,K (2678)-Guseinov,G (2664) Astana 2019}) 12... Qa5 {White has an edge.} 13. Rac1 Be6 14. f3 Rfc8 15. Nb5 Qxd2 16. Rxd2 Nd7 17. Nd4 Nc5 18. Rb1 Bd7 19. Bf1 $146 ({Predecessor:} 19. Kf2 f5 20. exf5 gxf5 21. Nc2 Ne6 {0-1 (90) Berczes,C (2372)-Genzling,A (2403) Germany 2013}) 19... Be5 20. g3 Bf6 21. Kf2 Kf8 22. Nc2 a3 23. Nxa3 Be6 (23... Bg7 {seems wilder.} 24. Bd4 Bh6 25. Rdd1 Ba4 26. Re1 Bd2) 24. Bd4 Bxd4+ 25. Rxd4 Na4 26. Rd3 Nb6 27. Rc3 Ra4 28. Rbc1 (28. Rb3 $5 {[%cal Rb3b6]} Nxc4 29. Nxc4 $14) 28... Nd7 29. Be2 Nc5 30. Bd1 Rb4 31. Rb1 (31. Bb3 $14) 31... Ra8 (31... b5 $5) 32. Be2 (32. Bb3 $5) 32... Rba4 33. Ke3 f6 34. Bd1 Rb4 35. Bb3 Na4 36. Bxa4 $1 Raxa4 37. Kd3 ({White should try} 37. Kd4 $14) 37... b5 $11 38. Kc2 bxc4 39. Rd1 Ra7 40. Kc1 Rab7 41. Rd2 Kg7 42. Rdc2 {[%cal Ra3c4]} Ra7 43. Kb1 Rba4 44. Rd2 f5 45. Nb5 R7a5 46. Nd4 Kf6 47. Nxe6 Kxe6 {[%mdl 4096] Endgame KRR-KRR} 48. Re2 Kf6 49. a3 d5 {The position is equal.} 50. exd5 Rxd5 51. f4 e5 52. fxe5+ Rxe5 53. Rce3 Rxe3 54. Rxe3 {KR-KR} g5 55. Kc2 f4 56. gxf4 gxf4 57. Re8 Kg5 58. Kd2 Ra6 59. Rg8+ Kf5 60. Rf8+ Kg4 61. Ke2 Rb6 62. Rg8+ Kh4 63. Kf3 {Accuracy: White = 59%, Black = 50%.} 1/2-1/2